Famous Football Players Picture Quiz - France - Statistics

General Stats
  • This quiz has been taken 1,308 times
    1,101 since last reset
  • The average score is 12 of 15
Answer Stats
Picture Answer % Correct
Kylian Mbappé
98%
Zinedine Zidane
98%
Paul Pogba
96%
Olivier Giroud
95%
Thierry Henry
94%
Franck Ribéry
90%
Didier Deschamps
87%
Karim Benzema
83%
Eric Cantona
78%
Michel Platini
77%
Samir Nasri
69%
Patrick Vieira
67%
David Trezeguet
65%
Fabien Barthez
60%
Jean-Pierre Papin
28%
No matching quizzes found
Score Distribution
Percent of People with Each Score
Percentile by Number Answered
Your Score History
You have not taken this quiz since the last reset